00605nam a2200193Ia 4500008004100000020001400041082001400055100004400069245003000113250000800143260003700151300002800188500001900216600003300235650001500268942000700283952010600290999001500396240925s9999 xx 000 0 und d a205153887 a158.3 PET aPeterson ,J Vincent; Nisenholz, Bernard 0aOrientation to Counseling a3rd aBoston:bAllyn and Baconc,1995. axvi,477p.bNAfOriginal aIncludes Index aHumanities & Natural Science aPsychology cBK 011440708HUMaUITUbUITUd2000-08-16eNAl0o158.3 PETpQ2695r2024-09-25 07:12:53w2024-09-25yBK c5194d5194